Vista normal Vista MARC

Entrada Topical Term

Número de registros utilizados en: 1

001 - CONTROL NUMBER

  • control field: 68620

003 - CONTROL NUMBER IDENTIFIER

  • control field: OSt

005 - DATE AND TIME OF LATEST TRANSACTION

  • control field: 20260205213732.0

008 - FIXED-LENGTH DATA ELEMENTS

  • fixed length control field: 260205|| aca||aabn | a|a d

040 ## - CATALOGING SOURCE

  • Original cataloging agency: OSt
  • Transcribing agency: OSt

150 ## - HEADING--TOPICAL TERM

  • Topical term or geographic name entry element: Novela española
  • General subdivision: Historia y crítica
  • Chronological subdivision: Siglo XVII

670 ## - SOURCE DATA FOUND

  • Source citation: Work cat.: (OSt)60423: Cervantes Saavedra, Miguel de, 1547-1616 2401, El ingenioso hidalgo Don Quijote da la Mancha /









Instituto Departamental de Cultura del Meta - Red Departamental de Bibliotecas Públicas del Meta.